[Event "Hastings 9596"]
[Site "Hastings"]
[Date "1996.??.??"]
[Round "9"]
[White "Khalifman, Alexander"]
[Black "Speelman, Jonathan S"]
[Result "1/2-1/2"]
[WhiteElo "2655"]
[BlackElo "2620"]
[Annotator "Speelman,J"]
[PlyCount "62"]
[EventDate "1995.12.??"]
[EventType "tourn"]
[EventRounds "9"]
[EventCountry "ENG"]
[EventCategory "13"]
[SourceTitle "CBM 051"]
[Source "ChessBase"]
[SourceDate "1996.04.01"]
[SourceVersion "1"]
[SourceVersionDate "1996.04.01"]
[SourceQuality "1"]

1. e4 c6 2. d4 d5 3. Nc3 dxe4 4. Nxe4 Nd7 5. Ng5 Ngf6 6. Bd3 e6 7. N1f3 Bd6 8.
Qe2 h6 9. Ne4 Nxe4 10. Qxe4 Qc7 $5 11. Qg4 Kf8 12. O-O c5 13. Re1 b6 14. Ne5 $2
(14. b3) 14... cxd4 $1 15. Qf3 (15. Ng6+ fxg6 16. Qf3+ Nf6 (16... Ke7 17. Qxa8)
17. Qxa8 Bxh2+ $5 (17... Kf7 18. h3 Re8 19. Qf3 Bb7) 18. Kf1 $1 Kf7 19. g3 Bxg3
(19... Bb7 20. Qxh8 Qc6 $13 21. Bf4 (21. Bxh6 Qg2+ 22. Ke2 Bf3+ 23. Kd2 Qxf2+
24. Be2 (24. Re2 $4 Ne4+) 24... gxh6 25. Qxh6 Bxg3 $19) 21... Qg2+ 22. Ke2 Bf3+
23. Kd2 Qxf2+ 24. Be2 Bxg3 $1) 20. fxg3 Bb7 21. Qxh8 Qxg3 22. Re2) 15... Bxe5 (
15... Nxe5 16. Qxa8 Nxd3 17. cxd3 Bxh2+ 18. Kh1 Bd6) 16. Qxa8 Bxh2+ 17. Kf1 $1
Bd6 (17... Ke7 18. g3 $5 Bxg3 19. fxg3 Bb7 20. Qxh8 Qxg3 21. Re2 {Unclear but
I suspect that White has too many men to be in trouble.} Ne5 (21... Qh3+ 22.
Ke1 Qg3+ 23. Rf2 Ne5 24. Bf4 (24. Be2) 24... Nf3+) 22. Bg5+ Qxg5 23. Qb8) 18.
Bd2 (18. Re4 e5 19. f4 Qb7) 18... Ke7 (18... Nc5 19. b4 Nxd3 20. cxd3 Qb7 21.
Qxb7 Bxb7 $15 {Khalifman}) 19. Qe4 Qc5 20. b4 (20. c3) (20. c4) 20... Qh5 $6 (
20... Qe5) 21. Bf4 $1 Bxf4 $6 (21... Qh1+ $1 22. Ke2 Qh5+ 23. Kf1 $10 (23. f3
e5)) (21... Bxb4 22. Qxd4 Bxe1 23. Bd6+ Kd8 24. Qxg7) 22. Qxf4 Bb7 23. Kg1 Qg5
24. Qxg5+ hxg5 25. Be4 $1 (25. a4 $5) 25... Bxe4 26. Rxe4 Rc8 (26... e5 $2 27.
c3 $1) 27. Rxd4 Rxc2 28. Rad1 $2 (28. Rdd1 $3 {to force a pair of rooks off.})
28... Nf6 $1 $10 29. R4d2 Rc4 (29... Rc7 30. Re2 $1 Rc4 31. a3 Rc3 32. Re3) 30.
Rd4 Rc2 31. R4d2 Rc4 1/2-1/2

[Event "Linares 15th"]
[Site "Linares"]
[Date "1998.03.03"]
[Round "9"]
[White "Shirov, Alexei"]
[Black "Ivanchuk, Vassily"]
[Result "0-1"]
[WhiteElo "2710"]
[BlackElo "2740"]
[Annotator "Stohl,I"]
[PlyCount "94"]
[EventDate "1998.02.22"]
[EventType "tourn"]
[EventRounds "12"]
[EventCountry "ESP"]
[EventCategory "21"]
[SourceTitle "CBM 064"]
[Source "ChessBase"]
[SourceDate "1998.06.02"]
[SourceVersion "1"]
[SourceVersionDate "1998.06.02"]
[SourceQuality "1"]

1. e4 {Ftacnik} c6 2. d4 d5 3. Nc3 dxe4 4. Nxe4 Nd7 5. Ng5 (5. Bd3 {isn't
necessarily only an innocent transposition, as Black can play also} Ndf6 $1 6.
Ng5 Bg4 7. N1f3 Bh5 $1 8. c3 e6 9. Qb3 Qc7 10. Ne5 Bd6 11. Nc4 Be7 12. Ne5 Nd7
13. Nxd7 Qxd7 14. O-O Nf6 15. Re1 Rd8 16. Ne4 Nxe4 17. Bxe4 Qc7 18. g3 Rd7 19.
Bf4 Qc8 20. Qa4 a6 21. Qa5 Bg6 22. Bf3 O-O 23. Rad1 h6 $11 {Van der Wiel,
J-Karpov,A/Amsterdam/1988/}) 5... Ndf6 $6 {An inferior alternative.} (5... e6
$142 6. Bd3 Ngf6 7. N1f3 Bd6 8. Qe2 h6 9. Ne4 Nxe4 10. Qxe4 Qc7 11. Qg4 Kf8 (
11... Rg8 $6 {Kasparov,G-Anand,V/Linares/1998/}) 12. O-O c5 13. Re1 b6 14. c3
Bb7 15. h4 Re8 16. h5 Bd5 17. Bd2 Rd8 18. Re2 Kg8 19. Qh3 Qc6 20. Re3 Bxf3 21.
Rxf3 Nf6 22. Qh4 Be7 23. Rh3 cxd4 24. cxd4 Qd6 $132 {Topalov,V-Anand,V/Linares/
1998/}) 6. Bc4 (6. N1f3 $142 $5 {has a much better reputation.} Bg4 (6... e6 7.
Ne5 $1 Nh6 8. Bd3 Bd6 9. c3 Qc7 10. Qe2 c5 11. Bb5+ Ke7 12. O-O cxd4 13. cxd4
Nf5 14. Be3 Nxe3 {Nunn,J-Tal,M/Brussels/1988/} 15. Qxe3 $1 Nd5 16. Qg3 f6 17.
Ne4 $40) (6... h6 $2 7. Nxf7 $1 Kxf7 8. Ne5+ Ke8 9. Bd3 $18) 7. Bc4 (7. Nxf7 $2
Bxf3 8. Nxd8 Bxd1 9. Ne6 Bxc2 10. Nc7+ Kd7 11. Nxa8 e6 $19 {[%csl Ra8] פa8}) (
7. h3 Bxf3 8. Nxf3 e6 9. g3 $5 $14) 7... e6 8. h3 Bxf3 9. Nxf3 $14 {[%csl Gc1,
Gc4,Gd4] White has ^^, more space and a permanent edge.}) 6... e6 7. Qe2 $5 {
[%cal Ye1c1] /\0-0-0 An unusual move.} (7. N1f3 {is not so effective anymore:}
h6 8. Nh3 Bd6 9. Qe2 Ne7 10. Bd2 Qc7 11. O-O-O b5 12. Bd3 a6 13. Rhe1 Bb7 14.
g3 c5 15. dxc5 Qxc5 $132 {Huebner,R-Karpov,A/Belfort WCup/1988/}) 7... Bd6 ({
Risky is} 7... Qxd4 $6 8. N1f3 Qd8 (8... Bb4+ $2 9. c3 Bxc3+ 10. Kf1 $18) 9.
Nxf7 $5 (9. Ne5 Nh6 $13) 9... Kxf7 10. Ng5+ Ke8 11. Nxe6 Bxe6 12. Bxe6 Be7 13.
O-O $44 {[%csl Re8] עe8}) 8. Bd2 ({Interesting was also} 8. N1f3 h6 9. Nh3 Ne7
10. Ne5 $5) 8... Qc7 9. O-O-O b6 (9... Ne7 {Ftacnik} 10. N1f3 h6 11. Ne4 $14)
10. N1f3 h6 11. Nh3 $5 {True to his nature, Shirov avoids exchanges.} (11. Ne4
Nxe4 12. Qxe4 Nf6 13. Qe2 (13. Qh4 {Ftacnik} Bb7 14. Bg5 Nd5 $13) 13... Bb7 ({
More promising probably is} 13... b5 $5 14. Bd3 a6 {[%cal Yc6c5] /\c5}) 14. Ne5
c5 (14... O-O-O $2 15. Nxf7) 15. Bb5+ Ke7 16. dxc5 Qxc5 17. a3 $14 {leads by a
huge transposiion to a well-known position, in which Black's problems are not
quite solved.}) 11... Ne7 12. Ne5 c5 $1 {[] Brave, but almost forced.} (12...
Bb7 $2 13. Nxf7 Kxf7 14. Qxe6+ Ke8 (14... Kg6 15. Qf7+ Kh7 16. Bd3+) 15. Qf7+
Kd7 (15... Kd8 {Ftacnik} 16. Qxg7 Rg8 17. Qxf6 $18) 16. Be6+ $18) (12... O-O
$143 $6 13. f4 {could well mean castling "into it".} (13. g4 $5 c5 14. g5 $40))
13. Bb5+ Kf8 $13 {Karpov has already taught us that Black's K can survive such
a position, active counterplay is more important.} (13... Bd7 {Ftacnik} 14.
Nxd7 Nxd7 15. Qg4 $14) 14. Nc4 (14. Bf4 $143 Nfd5 (14... Ned5 {Ftacnik} 15.
Rhe1 Bb7 16. Bg3 Rd8 $13) 15. Bg3 Nf5 $36) (14. Be3 Bb7 $15) 14... cxd4 (14...
Nf5 {Ftacnik} 15. dxc5 Nd4 16. Qd3 Bxc5 17. Bf4 $14) 15. Nxd6 Qxd6 16. Bf4 {
Logical} (16. Bc3 $5 e5 $142 (16... Nf5 $6 17. g4 dxc3 (17... Bb7 18. gxf5 Bxh1
19. Rxd4 Qxh2 (19... Nd5 20. Bb4 $1) 20. fxe6 $1 $40) 18. Rxd6 cxb2+ 19. Kxb2
Nxd6 20. Bc6 $16) 17. f4 $1 Bg4 18. Qxe5 (18. fxe5 Qe6 $1 19. Qd3 Nfd5 20. Qxd4
Bxd1 21. Rxd1 $15 Nxc3 $4 22. Qd8+ $1 $18) 18... Qxe5 19. fxe5 dxc3 (19... Bxd1
$6 20. exf6 gxf6 21. Bb4 $1 Bg4 22. Re1 Be6 23. Nf4 $44) 20. exf6 gxf6 21. Rd4
$11 {In this endgame Black's extra pawn doesn't carry too much weight and a
draw is the most probable result.}) (16. a3 Ned5 $15) 16... Qd5 $1 (16... Qc5
$143 17. Be5 Nc6 (17... Nf5 18. Qf3 (18. Bd3 $1 {Ftacnik} Ne3 19. Bxd4 Qxd4 20.
fxe3 $16) 18... Qxe5 19. Qxa8 Qc7 20. Bd3 $36) 18. Bxc6 Qxc6 19. Rxd4 $32 {
[%csl Rf8,Rh8] עf8,Rh8}) 17. Be5 {Both players deserve credit for inventive
play. White can claim compensation, but he is currently pawn down and on top
of it a2, g2 pawns are exposed.} (17. Kb1 $6 Ng6 $17) (17. Bc4 $2 Qxg2) (17.
Rxd4 $5 Qxd4 18. Rd1 Qxd1+ 19. Qxd1 Bb7 $13 (19... Bb7 {Ftacnik} 20. f3 Nfd5
$13)) (17. Rhg1 {Ftacnik} Qxa2 18. Rxd4 Bb7 19. Ra4 Qd5 20. f3 $13) 17... Nf5 (
17... Qxg2 $6 18. Nf4 (18. Rxd4 {Ftacnik} Qxh1+ 19. Rd1 Qxd1+ 20. Qxd1 Bb7 $15)
18... Qe4 (18... Qg4 19. f3) 19. Rxd4 (19. Qxe4 $5 Nxe4 20. Rxd4 Bb7 21. Rhd1
$44) 19... Qxh1+ 20. Rd1 $40 {gives White an extra tempo, compared to the line
above.}) (17... Qxa2 18. Rxd4 (18. Bxd4 Bb7 19. f3 Rd8 $17) 18... Bd7 $5 (18...
Bb7 19. Ra4 Qd5 20. Nf4 $16) 19. Qf3 $1 $40 {is extremely risky.} (19. Ra4 {
Ftacnik} Qd5 $15)) 18. c4 $6 {[%csl Rb5] Dislodges the Q from it's central
position, but also cuts off the Bb5.} (18. g4 $2 Nxg4 $17) (18. Bc4 $2 Qxg2 19.
Nf4 Qe4 $17 {and White can't avoid disadvantageous exchanges.}) (18. Nf4 Qxa2
19. g4 (19. Bc6 Ba6 {[%cal Ra8c8] /\Rc8}) (19. Qf3 {Ftacnik} Qa1+ 20. Kd2 Qa5+
21. Kc1 Nd5 22. Bc6 Nxf4 23. Qxf4 Qa1+ 24. Kd2 Qxb2 25. Bxa8 Qc3+ 26. Kc1 Qa1+
27. Kd2 Qc3+ $11) 19... Nxg4 $1 20. Qxg4 Qa1+ 21. Kd2 Qa5+ 22. Kc1 Qxb5 23.
Rxd4 Qxe5 24. Rd8+ Ke7 25. Rxh8 g5 $17 {gives Black at least two extra pawns.})
(18. Kb1 $142 $5 {Unquestionably the best is} Bb7 $1 (18... Nd7 19. Bxd7 Bxd7
20. g4 (20. Nf4 $143 Qb5 $5 $13) 20... Bb5 21. Qe1 Ne3 (21... f6 $2 22. Nf4 $1
$18) 22. Bxg7+ $1 Kxg7 23. fxe3 Qf3 24. exd4 $1 $16 {[%cal Re1e5] /\Qe5}) (
18... Bd7 19. Bd3 {and tactical attempts fail:} Ng4 (19... Ne3 $2 20. Bxf6 Nxd1
21. Be4 $18) 20. Bxg7+ $1 Nxg7 21. Be4 Qe5 22. f4 $16) (18... Qxg2 $6 19. Nf4
Qb7 (19... Qe4 $2 20. Qxe4 Nxe4 21. Bc6 $18) 20. Bd3 Bd7 (20... Nd5 {Ftacnik}
21. Nxd5 Qxd5 22. Bxf5 exf5 23. Rhe1 Be6 24. Qa6 Rc8 25. Rxd4 $14) 21. Rhg1 $1
$40 {[%cal Gg1g7] <->g}) 19. Nf4 (19. Bd3 $6 Qxg2 20. Nf4 Qf3 $17) 19... Qe4
$132 {White will get his pawn back, but he will have to exchange Q and quite
probably also his ^^, so his chances for an advantage are dubious.}) 18... Qc5
$1 {An interesting exchange sacrifice.} ({Also possible was} 18... Qxg2 19. Qd3
$5 (19. Nf4 Qb7 $13 (19... Qb7 {Ftacnik} 20. Rhg1 Bd7 $13)) (19. Rhg1 Qxh3 20.
Bc6 Bb7 21. Bxb7 Rd8 22. Rd3 Qh4 $17) 19... Bd7 20. Rhg1 Qb7 21. Qa3+ Ke8 22.
Ba6 $44) 19. Qf3 (19. Nf4 $143 Bb7 $5 (19... Bd7 20. Nd3 Qc8 21. Kb1 $132) 20.
Nd3 (20. g4 {Ftacnik} Bxh1 21. gxf5 $13) 20... Qc8 $17 {[%csl Rc4] ><c4}) (19.
g4 {Ftacnik} Nxg4 $1) 19... Qxe5 (19... a6 {Ftacnik} 20. Qxa8 axb5 21. Rhe1 $14
(21. Bxd4 Nxd4 22. Rxd4 Qxd4 23. Qxc8+ Ne8 24. cxb5 Qd5 25. Qc6 Qxa2 $13)) (
19... Nd5 {Ftacnik} 20. Nf4 Bb7 21. Bxd4 Nxd4 22. Rxd4 Kg8 23. Rhd1 a6 24. Ba4
Qc7 25. Bc2 $14) 20. Qxa8 Qc7 21. Qc6 $6 (21. Qf3 $5 e5 $44 (21... a6 $2 22.
Bxa6 $1 Bxa6 23. Qa3+) (21... Bb7 $6 22. Qa3+)) (21. Rhe1 {Ftacnik} g5 22. Qc6
Qb8 $13) (21. Ba6 {Ftacnik} Ke7 22. Bxc8 Rxc8 $17) 21... Qb8 $1 {Ivanchuk
needs to preserve his queen for the coming attack against the white king.
Suddenly white realizes, that his light pieces occupy rather sorry positions.}
(21... Qxc6 {Ftacnik} 22. Bxc6 Ba6 23. b3 Ke7 24. a4 $14) 22. Qf3 Bb7 23. Qa3+
$6 (23. Bc6 Bxc6 24. Qxc6 Ke7 $44 (24... Ke7 {Ftacnik} 25. b3 Rc8 26. Qb5 Rc5
27. Qb4 Qd6 $13)) (23. Qf4 {Ftacnik} Qxf4+ 24. Nxf4 g5 25. Nd3 Bxg2 $17) 23...
Kg8 24. f3 g5 $1 $36 {[%csl Rb5,Rh3] ץb5,Nh3} 25. Ba4 (25. g4 Nh4 26. Rhf1 (
26. Qe7 Kg7 27. Rxd4 Bxf3 {[%csl Rg4,Rh2] ׻}) 26... e5 $17) (25. Nf2 $142 $5 {
In the game White will not be able to activate the N in time.}) (25. Ba6 {
Ftacnik} Kg7 (25... Bc6 26. g4 Nh4 27. Rxd4 Nxf3 28. Rd6 $14) 26. Bxb7 Qxb7
$132) 25... e5 26. Rhe1 (26. Nf2 Ne3 $17) 26... Kg7 27. Bc2 Nh4 {Black has
improved his central control, but he also masterfully uses his pieces for
generating unpleasant threats.} (27... Ne3 {Ftacnik} 28. Rxe3 $1 dxe3 29. Qxe3
Rc8 30. Nxg5 Rxc4 31. Kb1 $14) 28. Rd2 Rc8 29. Kb1 (29. Qe7 Rc5 $1 {[%csl Re7]
ףe7} (29... Rc5 {Ftacnik} 30. b3 Bc6 31. Nxg5 (31. Nf2 Ng8 $19) 31... hxg5 $17
)) (29. Qd3 Ba6 $36 {/\} 30. Qe2 $2 Bxc4 31. Qxe5 Qxe5 32. Rxe5 d3 $1 $17) (29.
Qb4 {Ftacnik} Bxf3 30. gxf3 Nxf3 31. Rde2 Nxe1 32. Rxe1 e4 $1 $17) 29... Rxc4
30. Ng1 Rc5 31. g3 Ra5 ({Black rightly avoids exchanges.} 31... Ng6 $143 $6 32.
Bxg6 $132) 32. Qd3 (32. Qb3 $2 {Ftacnik} Bd5 $19) 32... Ng6 33. Bb3 (33. Ne2
Nd5 $36) (33. h4 {Ftacnik} gxh4 34. gxh4 Ba6 (34... Nf4 35. Qf1 Bd5 36. a3 Rc5
37. Nh3 $13) 35. Qb3 Rc5 36. Rg2 Bc4 $17) 33... Qd6 34. Rc2 $2 (34. a3 $142 $17
) (34. h4 {Ftacnik} gxh4 35. gxh4 Nf4 36. Qf1 Qb4 $17) 34... e4 $1 {Starts an
impressive final attack. Two pawns and excellent piece play have long favoured
black. With a clever tactics his advantage becomes even bigger.} 35. Qc4 (35.
fxe4 $2 Ne5 $19 {[%cal Rb7e4] /\Be4} (35... Ne5 {Ftacnik} 36. Qd1 Bxe4 $19))
35... Ne5 36. Qc7 Qb4 37. Rd1 (37. Rcc1 Ba6 $1 38. fxe4 Bd3+ 39. Bc2 Nc4 40. b3
Qa3 $19) (37. Qxb7 {Ftacnik} Qxe1+ 38. Rc1 Qe3 $19) 37... Bd5 $1 $19 (37... d3
{Ftacnik} 38. Rc3 e3 39. Rcxd3) 38. Bxd5 (38. Qxe5 {Ftacnik} Bxb3 39. Qxd4 Qxd4
40. Rxd4 Bxa2+ 41. Kc1 Bb3 $19) 38... Rxd5 39. fxe4 (39. f4 d3 40. Rcc1 gxf4
41. gxf4 Ng6 {[%cal Re4e3] /\e3-+}) (39. h4 {Ftacnik} d3 40. Rcc1 exf3 $17)
39... Nxe4 40. a3 (40. Ka1 d3 41. Rcc1 (41. Rg2 {Ftacnik} d2 42. Qc2 Rc5 43.
Qb1 Nc4 $19) 41... Nf2 $19) 40... Qb5 {[%cal Re4c3] /\Nc3} (40... Qb3 $2 41.
Rxd4 $1 $16) 41. Ka2 d3 {The difference in piece coordination is now very
striking.} 42. Rcc1 (42. Rg2 Nc4 43. Qe7 (43. Rf1 Rd7) 43... d2 44. Qb4 Qxb4
45. axb4 Ne3 $19) 42... d2 43. Rc2 (43. Rb1 {Ftacnik} Nf2 $19) 43... Nd3 44.
Rcxd2 (44. Rdxd2 Rd7 $1 (44... Nxd2 45. Rxd2 Nb4+ $2 46. axb4 Rxd2 47. Qc3+) (
44... Nb4+ {Ftacnik} 45. axb4 Rxd2 $19) 45. Qc8 Nb4+ 46. axb4 Qa4+ 47. Kb1 Rxd2
48. Rxd2 Nxd2+ 49. Kc1 Qxb4 $19) (44. Qc4 {Ftacnik} Qxc4+ 45. Rxc4 Ndf2 $19)
44... Rc5 45. Qd8 Qc4+ 46. b3 (46. Ka1 Nxd2 47. Rxd2 Qc1+ $19 (47... Qc1+ {
Ftacnik} 48. Ka2 Qxd2 $19)) (46. Kb1 {Ftacnik} Nc3+ 47. bxc3 (47. Kc2 Nxd1+ 48.
Kxd1 Qa4+) 47... Rb5+ 48. Ka1 Qxc3+ 49. Ka2 Rb2+ $19) 46... Nc3+ 47. Ka1 Ra5 $1
(47... Qxb3 48. Qd4+ Re5 49. Qd6 Ra5 50. Qd4+ Ne5 $19) ({Now Black achieves
the same position one move earlier.} 47... Ra5 48. Qd6 (48. Ra2 {Ftacnik} Qxb3
49. Qd4+ Re5 $19) (48. Qxd3 Rxa3+ 49. Kb2 Qxb3+ 50. Kc1 Ra1+ 51. Qb1 Rxb1#) (
48. bxc4 Rxa3+ 49. Ra2 Rxa2#) 48... Qxb3 49. Qd4+ Ne5 $19) 0-1

[Event "PCA-Wch Candidates m1"]
[Site "New York"]
[Date "1994.??.??"]
[Round "3"]
[White "Tiviakov, Sergei"]
[Black "Adams, Michael"]
[Result "1-0"]
[WhiteElo "2630"]
[BlackElo "2660"]
[Annotator "Tiviakov,S"]
[PlyCount "55"]
[EventDate "1994.06.??"]
[EventType "match"]
[EventRounds "8"]
[EventCountry "USA"]
[SourceTitle "CBM 042"]
[Source "ChessBase"]
[SourceDate "1994.10.01"]
[SourceVersion "1"]
[SourceVersionDate "1994.10.01"]
[SourceQuality "1"]

1. e4 {Blatny,P} c6 2. d4 d5 3. Nd2 dxe4 4. Nxe4 Nd7 5. Bc4 Ngf6 6. Nxf6+ Nxf6
7. Nf3 Bf5 8. Qe2 (8. O-O e6 9. h3 Be7 10. c3 O-O 11. Qe2 c5 12. Bf4 $14 {
Short,N-Gulko,B (1)/PCA WchQual New York/1994/}) 8... e6 9. Bg5 Be7 10. O-O-O
$5 (10. O-O) 10... Bg4 (10... b5 $1 11. Bb3 (11. Bd3 Bxd3 12. Qxd3 Qd5 13. Kb1
O-O $10) 11... Bg4) (10... O-O {Blatny,P} 11. Ne5 {/\g4->>>}) 11. Kb1 (11. h3
Bxf3 12. Qxf3 Nd5 13. Bxe7 Qxe7 $14 {Fischer,R-Petrosian,T/Bled/1961/}) 11...
O-O $6 (11... Nd5 12. Bc1 Bxf3 13. Qxf3 Bg5 14. Qg3 $1 $16) (11... b5 $5 12.
Bb3 (12. Bd3 Qd5 13. Bxf6 Bxf3 14. gxf3 Bxf6 15. Be4 Qd6) 12... O-O $10) 12. h3
Bxf3 13. Qxf3 b5 (13... Nd5 14. Bc1 Bg5 15. Be3 $5) 14. Bd3 Qd5 (14... Nd5 15.
Qe4 (15. h4 $5)) 15. Qe3 Rac8 $6 (15... Rfd8 $1 $16) (15... Rfe8 $142 {Blatny,
P /\Nd7-f8}) 16. g4 Rfd8 17. f4 Kf8 18. f5 h6 (18... exf5 19. Bxf5) (18... Qxd4
19. Qe2 $16 (19. fxe6 Qxe3 20. Bxe3 fxe6 21. Bxa7 c5 22. Bxb5 Rxd1+ 23. Rxd1
Ra8 24. Bb6 Rb8 $19)) (18... exf5 $5 {Blatny,P}) 19. Bxh6 $1 Qxd4 $2 (19...
gxh6 20. Qxh6+ Ke8 (20... Kg8 21. fxe6 Rd6 (21... fxe6 22. g5 $18) (21... Qxe6
22. Rhe1 Qd6 23. Re5 $18) 22. g5 $1 Ne4 (22... Bf8 23. Qh4 $18) 23. g6 $18) 21.
g5 (21. fxe6 fxe6 (21... Qxe6 22. Rhe1 Qd6 23. Bf5 $18) 22. g5 $16 (22. g5 {
Blatny,P} Ng8 23. Qg6+ Kd7 24. h4 $36 {/\Be4, h5-h6-h7-h8})) 21... Ng8 22. Qh7
$18) 20. Bxg7+ (20. Qxd4 {Blatny,P} Rxd4 21. Be3 Rd7 22. fxe6 fxe6 23. Rhf1 {
/\g5} Kg8 24. c4 Rcd8 25. Kc2 $14 {_|_}) 20... Kxg7 21. Qg5+ Kf8 (21... Kh8 22.
Qh6+ Kg8 23. g5 $18) 22. Qh6+ Ke8 23. fxe6 Bf8 (23... fxe6 $4 {Blatny,P} 24.
Bg6+ $18 {ע,Pg,Ph}) 24. exf7+ Ke7 (24... Kxf7 25. Qg6+ Ke7 26. Rhe1+ Kd6 27.
Bf5 $18) (24... Kd7 {Blatny,P} 25. Qxf8 $1 Rxf8 26. Bf5+ $18) 25. Qg6 Rd5 26.
c3 Qf4 27. Rhe1+ Re5 (27... Kd6 {Blatny,P} 28. Bf5) 28. Qf5 $1 (28. Qf5 {
Blatny,P} Qxf5 29. Bxf5 Rxe1 30. Rxe1+ Kd8 31. Bxc8 Kxc8 32. Re8+ $18) 1-0

[Event "PCA-Wch Candidates m1"]
[Site "New York"]
[Date "1994.??.??"]
[Round "1"]
[White "Tiviakov, Sergei"]
[Black "Adams, Michael"]
[Result "0-1"]
[WhiteElo "2630"]
[BlackElo "2660"]
[Annotator "Tiviakov,S"]
[PlyCount "118"]
[EventDate "1994.06.??"]
[EventType "match"]
[EventRounds "8"]
[EventCountry "USA"]
[SourceTitle "CBM 042"]
[Source "ChessBase"]
[SourceDate "1994.10.01"]
[SourceVersion "1"]
[SourceVersionDate "1994.10.01"]
[SourceQuality "1"]

1. e4 {Hecht} c6 2. d4 d5 3. Nc3 dxe4 4. Nxe4 Nd7 5. Nf3 Ngf6 6. Ng3 e6 7. Bd3
c5 8. O-O cxd4 9. Nxd4 Bc5 10. Nb3 (10. Nf3 O-O 11. b3 $14) 10... Be7 (10...
Bb6 {xBc8}) 11. Re1 (11. a4 $5 b6 (11... a5 {xb5}) 12. a5 Bb7 13. a6 Bd5 14. c4
Bc6 15. Nd4 $16) 11... O-O 12. Qf3 a5 13. a4 Nb6 14. Bd2 (14. Bb5 Qc7 15. c3
Bd7 $14) 14... Nbd5 $8 15. Bb5 (15. Nd4 Bd7 (15... Nb4 16. Bxb4 Bxb4 (16...
axb4 17. Nb5 $16) 17. c3)) (15. c3 $5) 15... Bd7 (15... Qc7 16. c4 Nb4 17. Bf4
Bd6 18. Bxd6 Qxd6 19. Rad1 $16) 16. c4 Bxb5 (16... Nb4 17. Bxb4 Bxb4 18. Red1
Qc7 19. Ne4 $1 Bxb5 20. Nxf6+ gxf6 21. cxb5 $16) 17. axb5 (17. cxd5 Bc4 18.
dxe6 Bxe6 (18... Bxb3 $2 19. Qxb3 Qxd2 20. exf7+ Rxf7 21. Rxe7) 19. Nf5 $14)
17... Nb4 18. Qxb7 (18. Bxb4 Bxb4 19. Red1 Qc7) 18... Nc2 19. Rxa5 $2 (19. Bxa5
Qd3 (19... Rxa5 20. Nxa5 Nxa1 21. Nc6 $18) 20. Qxe7 Qxb3 $17) (19. Bc3 $1 $44)
19... Nxe1 20. Rxa8 (20. Bxe1 Rxa5 21. Nxa5 Qd1) 20... Qxa8 21. Qxa8 Rxa8 22.
Bxe1 Ra4 (22... Nd7 $2 23. Na5 $18) 23. c5 (23. Nd2 $2 Bb4) 23... Rc4 24. c6
Nd5 25. Nf1 (25. Ne2 Bb4 26. Kf1 (26. Na5 Bxa5 27. Bxa5 Rc5 $19) 26... Bxe1 27.
Kxe1 Rb4 28. Nc3 (28. Ned4 e5) 28... Nc7 $19) 25... Kf8 $2 (25... Bb4 $1 26.
Ne3 (26. Na5 Rc5 (26... Bxa5 27. Bxa5 Rc5 28. Ne3 $1 $132) 27. Bxb4 Nxb4 $17) (
26. Nfd2 Rc2 $19) (26. Bxb4 Rxb4 27. Ne3 Nc7 $19) 26... Nxe3 27. Bxb4 Nd5 (
27... Rxb4 $2 28. fxe3 $18) 28. Bc5 (28. Bd6 $5 $17) (28. Ba5 Rc2 29. b6 (29.
g3 Rxb2 $19) 29... Rxb2 $19) 28... Rc2 29. Bd4 $17 (29. b6 Rxb2 30. g3 Rxb3 31.
c7 Nxb6 32. Bxb6 Rc3 $19)) 26. Ne3 Nxe3 27. fxe3 Ke8 28. Bc3 (28. Na5 $2 Rc1
29. Kf2 Rxe1 30. Kxe1 Bb4+ $19) 28... Bc5 (28... Bd8) 29. Kf2 Bb6 30. Kf3 (30.
Ke2 Rg4 (30... Re4 $6 31. Bd4 Bxd4 32. Nxd4 $36) 31. Bd4 Rxg2+ (31... Bxd4 $2
32. Kf3 $1 Rg5 33. Nxd4) 32. Kf3 Rg5 33. Bxb6 Rxb5 34. c7 Kd7 35. Nc5+ Kc8 36.
Na4 Rb4 37. b3 Rxb3 38. Bd4 $10) 30... Kd8 31. Bxg7 $4 Rb4 32. Nd4 (32. Nd2
Rxb5 33. Nc4 $17) (32. Nc1 Rxb2 33. Nd3 Rxb5 34. Ne5 $17) 32... Bxd4 33. Bxd4
Rxb5 34. Ke4 Kc7 35. Bc3 Kxc6 36. g3 Kd6 37. Kd3 Rf5 38. Ke4 Rf2 39. Be5+ Kc6
40. g4 (40. h4 {Hecht} f5+ 41. Kd3 Kd5 42. Bc3 Rg2 $19) 40... f5+ 41. gxf5
exf5+ $19 42. Kd4 (42. Kd3 Kd5) 42... Rxb2 43. Bg3 Rb5 44. e4 (44. Kd3 Rb2) (
44. Bf4 {Hecht} Rd5+ 45. Kc4 Rd1 $19 {/\ Kd7-e6-f7-g6-h5}) 44... Rb4+ 45. Ke5
fxe4 46. Bf4 Rc4 47. Bh6 Rc2 48. Kxe4 Rxh2 49. Bf4 Rg2 50. Kf3 Rg6 51. Bg3 h5
52. Kf4 Kd5 53. Be1 Rg4+ 54. Kf3 Ke6 55. Bg3 Kf5 56. Bb8 h4 57. Bh2 h3 58. Bg3
Rg6 59. Kf2 Ke4 0-1